000 004790000a22001810004500
999 _c49227
_d49227
001 2079
003 CO-MdFUSB
005 20181029151707.0
008 181029b xxu||||| |||| 00| 0 eng d
040 _cCO-MdBIC
082 0 4 _a813C P61l
100 1 _aPires Helen
245 1 0 _aLong neck and thunder foot / Helen Pires ; ilustracion de Michael Foreman
260 _aUSA : Picture Puffins
300 _a[34 P.]
650 1 4 _aCuentos Infantiles estadounidenses
942 _cLGB